Flagi państw graniczących z Chinami - Statystyki

Ogólne statystyki
  • Ten quiz został rozwiązany 4 911 razy
  • Średni wynik to 12 z 14
Statystyki odpowiedzi
Obrazkowy Odpowiedź % Poprawnych
Indie
98%
Korea Północna
98%
Rosja
97%
Kazachstan
96%
Nepal
95%
Bhutan
92%
Wietnam
89%
Pakistan
88%
Mongolia
87%
Laos
85%
Kirgistan
81%
Afganistan
79%
Mjanma
76%
Tadżykistan
72%
Nie znaleziono quizów pasujących do podanych kryteriów
Rozkład punktacji
Procent ludzi z każdym wynikiem
Percentyl według liczby udzielonych odpowiedzi
Twoja historia wyników
Nie rozwiązałeś tego quizu